000 00602nam a22001577a 4500
003 OSt
005 20151101095336.0
008 151101b xxu||||| |||| 00| 0 eng d
040 _cRUA
082 _aFOR កុយ 1990 B115 Or.1
100 _93115
_aកុយ, សុខា
245 _aសិក្សាសារព័ន្ធព្រៃឈើក្រោយពេលធ្វើអាជីវកម្មនៅអនុតំបន់១២​ស្រុកស្នួល ខេត្តក្រចេះ
260 _aPhnom Penh
_bRUA
_c1990
300 _a64p.
_bill.
_c29cm.
942 _2ddc
_cFOR
999 _c2904
_d2904